000 00452nam a2200169Ia 4500
008 121129t1986 xxu||||| |||| 00| 0 sin d
041 _asin
080 _a8S-1
_bPRE
100 _aPremadasa Thalangama
245 _aසිතුවිලි රේඛා
246 _aSithuvili Rekha
260 _bSubadhdhra Mudhdhranalaya
_aAvissavella
_c1986
300 _b64p., 21 cm
942 _cBK
999 _c76882
_d76882
003 LK-CoDNM
040 _aLK-CoDNM
_dLK-CoDNM
_eLK-CoDNM